000 00266nam a2200097Ia 4500
005 20250424112921.0
008 250424s9999 xx 000 0 und d
300 _axxxii. ,315 p. : ill. ; 28 cm.
650 _aInvestments, Foreign--Southwest--Directories.
942 _cSR
999 _c37867
_d37867